00771nam a2200217 i 450000100060000000300090000600500170001500700030003200800410003510000360007624501800011225000120029226000320030430000320033649000430036850000130041150400200042470000340044483000430047885200320052132325ES-MaACL20250927063034.0t|030131s1985 sp ||||1| spa d1 aBennassar, Bartolomé, d1929-14aLos españoles b: actitudes y mentalidad : desde el s. XVI al s. XIX / cBartolomé Bennassar ; versión íntegra del francés al castellano Araceli de la Encina Pascua. a1ª ed. a[Madrid] : bSwan, c[1985] a258 p., 8 lám. ; c24 cm.1 aColección Torre de la bótica ; v4 aIndices. aBibliografía.1 aEncina Pascua, Araceli de la.0 aColección Torre de la bótica ; v4 aES-MaACLjL-8525 bR.108679